| 000 | 03733nam a22007575i 4500 | ||
|---|---|---|---|
| 005 | 20230718140327.0 | ||
| 006 | m|||||o||d|||||||| | ||
| 007 | cr || |||||||| | ||
| 008 | 221201t20222022gw fo d z ger d | ||
| 020 | _a9783839461174 | ||
| 040 |
_aDE-B1597 _beng _cDE-B1597 _erda |
||
| 041 | 0 | _ager | |
| 050 | 4 | _aBH301.P78 | |
| 082 | 0 | 4 |
_a111.85 _223/eng/20221004 |
| 084 |
_aLB 40000 _2rvk _0(DE-625)rvk/90549:772 |
||
| 100 | 1 |
_aMaase, Kaspar, _eauthor. _4aut _4http://id.loc.gov/vocabulary/relators/aut |
|
| 245 | 1 | 0 |
_aSchönes alltäglich erleben : _bÜber die Ästhetisierung der Kultur / _cKaspar Maase. |
| 264 | 1 |
_aBielefeld : _btranscript Verlag, _c[2022] |
|
| 264 | 4 | _c©2022 | |
| 300 | _a1 online resource (192 p.) | ||
| 336 |
_atext _btxt _2rdacontent |
||
| 337 |
_acomputer _bc _2rdamedia |
||
| 338 |
_aonline resource _bcr _2rdacarrier |
||
| 347 |
_atext file _bPDF _2rda |
||
| 490 | 0 |
_aEdition Kulturwissenschaft ; _v265 |
|
| 505 | 0 | 0 |
_tFrontmatter -- _tInhalt -- _tEinleitung -- _t1. Der Rahmen: Ästhetisierung des Alltagslebens -- _t2. Ästhetisch - Schönes - Kunst: Begriffsklärungen -- _t3. Alltäglichkeit, Alltagspraktiken, Alltagsästhetik -- _t4. Ästhetisch Erleben - ein Kontinuum -- _t5. Dimensionen alltagsästhetischen Erlebens -- _t6. Ausblick -- _tLiteratur -- _tPersonenregister -- _tSachregister |
| 506 | 0 |
_funrestricted online access _2star |
|
| 520 | _aÄsthetisierung als das Streben, Schönes zu erleben, hat die Entwicklung der Menschheit vorangetrieben. Heute bestimmt sie als Megatrend den Alltag. In Auseinandersetzung mit dem Ästhetisierungsmodell von Andreas Reckwitz zeichnet Kaspar Maase diese Entwicklung bis in die Gegenwart nach. Welche Rolle spielt dabei die Kunst und die sinnlich anregende Umwelt? Was macht die Alltäglichkeit ästhetischen Erlebens aus, bei der Zerstreuung als Praxis verteilter Aufmerksamkeit dominiert? Und wie verbinden sich Vergnügen und sinnliche Erkenntnis, Fühlen und Wissen, Empfinden und Darüber-Reden? Potenziale und Grenzen heutiger Ästhetisierung werden aus der Perspektive gewöhnlicher Alltagsakteur*innen erörtert. | ||
| 538 | _aMode of access: Internet via World Wide Web. | ||
| 540 |
_aThis eBook is made available Open Access under a CC BY 4.0 license: _uhttps://creativecommons.org/licenses/by/4.0 _uhttps://www.degruyter.com/dg/page/open-access-policy |
||
| 546 | _aIn German. | ||
| 588 | 0 | _aDescription based on online resource; title from PDF title page (publisher's Web site, viewed 01. Dez 2022) | |
| 650 | 0 |
_aAesthetics _xPsychological aspects. |
|
| 650 | 4 | _aAlltag. | |
| 650 | 4 | _aCultural Studies. | |
| 650 | 4 | _aEmpfinden. | |
| 650 | 4 | _aErleben. | |
| 650 | 4 | _aFühlen. | |
| 650 | 4 | _aKultur. | |
| 650 | 4 | _aKultursoziologie. | |
| 650 | 4 | _aKulturtheorie. | |
| 650 | 4 | _aKulturwissenschaft. | |
| 650 | 4 | _aKunst. | |
| 650 | 4 | _aMassenkunst. | |
| 650 | 4 | _aPopkultur. | |
| 650 | 4 | _aPraxis. | |
| 650 | 4 | _aÄsthetisierung. | |
| 650 | 7 |
_aSOCIAL SCIENCE / Popular Culture. _2bisacsh |
|
| 653 | _aAesthetizication. | ||
| 653 | _aArt. | ||
| 653 | _aCultural Studies. | ||
| 653 | _aCultural Theory. | ||
| 653 | _aCulture. | ||
| 653 | _aEveryday Life. | ||
| 653 | _aExperience. | ||
| 653 | _aFeel. | ||
| 653 | _aPopular Culture. | ||
| 653 | _aPractice. | ||
| 653 | _aSociology of Culture. | ||
| 653 | _aV. | ||
| 776 | 0 |
_cprint _z9783837661170 |
|
| 856 | 4 | 0 |
_uhttps://doi.org/10.1515/9783839461174?locatt=mode:legacy _zOpen Access _70 |
| 856 | 4 | 0 |
_uhttps://www.degruyter.com/isbn/9783839461174 _zOpen Access _70 |
| 856 | 4 | 2 |
_3Cover _uhttps://www.degruyter.com/document/cover/isbn/9783839461174/original |
| 942 | _cE-BOOK | ||
| 999 |
_c70535 _d70534 |
||